Vista normal
Vista MARC
Entrada Personal Name
Número de registros utilizados en: 1
001 - CONTROL NUMBER
- control field: 59441
003 - CONTROL NUMBER IDENTIFIER
- control field: Utea
005 - DATE AND TIME OF LATEST TRANSACTION
- control field: 20250922100105.0
008 - FIXED-LENGTH DATA ELEMENTS
- fixed length control field: 250922|| aca||aabn | a|a d
040 ## - CATALOGING SOURCE
- Original cataloging agency: Utea
- Transcribing agency: Utea
100 ## - HEADING--PERSONAL NAME
- Personal name: Miguel Reinaldo Casallas Ojeda
670 ## - SOURCE DATA FOUND
- Source citation: Work cat.: (Utea)17303: Martínez Sepúlveda Jose Alejandro autor 59439, Contaminación y remediación de suelos en Colombia :, 2018